Select all the Languages that... - Statistics

General Stats
  • This quiz has been taken 70 times
  • The average score is 54 of 64
Answer Stats
Question Tile Select % Correct
have more than 100 million NATIVE speakers English Yes
97%
are NOT considered a romantic language French No
97%
have more than 1 Billion TOTAL Speakers German No
97%
have more than 1 Billion TOTAL Speakers Italian No
97%
are NOT considered a romantic language Italian No
97%
have more than 1 Billion TOTAL Speakers Korean No
97%
have more than 1 Billion TOTAL Speakers Polish No
97%
have more than 1 Billion TOTAL Speakers Turkish No
97%
have more than 1 Billion TOTAL Speakers Yoruba No
97%
have more than 1 Billion TOTAL Speakers Afrikaans No
95%
are Indo-European Japanese No
95%
have more than 1 Billion TOTAL Speakers Japanese No
95%
have more than 100 million NATIVE speakers Mandarin Yes
95%
are NOT considered a romantic language Spanish No
95%
have more than 100 million NATIVE speakers Afrikaans No
94%
are Indo-European Mandarin No
94%
are NOT considered a romantic language Portuguese No
94%
are Indo-European Korean No
92%
have more than 1 Billion TOTAL Speakers Mandarin Yes
92%
have more than 100 million NATIVE speakers Polish No
92%
have more than 100 million NATIVE speakers Spanish Yes
92%
have more than 1 Billion TOTAL Speakers Bengali No
91%
have more than 100 million NATIVE speakers Hindi Yes
91%
are NOT considered a romantic language Japanese Yes
91%
are NOT considered a romantic language Korean Yes
91%
are NOT considered a romantic language Mandarin Yes
91%
have more than 100 million NATIVE speakers Russian Yes
91%
have more than 1 Billion TOTAL Speakers English Yes
89%
are NOT considered a romantic language Hindi Yes
89%
have more than 100 million NATIVE speakers Italian No
89%
are NOT considered a romantic language Turkish Yes
89%
are Indo-European Yoruba No
89%
are NOT considered a romantic language Yoruba Yes
89%
are NOT considered a romantic language Afrikaans Yes
88%
are NOT considered a romantic language Bengali Yes
88%
are Indo-European French Yes
88%
are Indo-European German Yes
88%
are NOT considered a romantic language German Yes
86%
have more than 100 million NATIVE speakers Portuguese Yes
86%
are Indo-European Portuguese Yes
86%
are Indo-European Spanish Yes
86%
have more than 1 Billion TOTAL Speakers Russian No
84%
are NOT considered a romantic language Russian Yes
84%
are Indo-European English Yes
83%
are Indo-European Italian Yes
83%
are NOT considered a romantic language Polish Yes
83%
have more than 1 Billion TOTAL Speakers Portuguese No
83%
have more than 100 million NATIVE speakers Yoruba No
83%
are Indo-European Polish Yes
81%
are Indo-European Russian Yes
81%
have more than 100 million NATIVE speakers Bengali Yes
80%
are NOT considered a romantic language English Yes
80%
have more than 100 million NATIVE speakers Turkish No
80%
have more than 1 Billion TOTAL Speakers French No
78%
have more than 100 million NATIVE speakers Japanese Yes
73%
have more than 100 million NATIVE speakers Korean No
73%
are Indo-European Hindi Yes
72%
have more than 100 million NATIVE speakers German No
59%
are Indo-European Afrikaans Yes
56%
are Indo-European Turkish No
56%
are Indo-European Bengali Yes
50%
have more than 1 Billion TOTAL Speakers Spanish No
47%
have more than 1 Billion TOTAL Speakers Hindi No
39%
have more than 100 million NATIVE speakers French No
30%
No matching quizzes found
Score Distribution
Percent of People with Each Score
Percentile by Number Answered
Your Score History
You have not taken this quiz